[Event "CRI-ch"]
[Site "San Jose"]
[Date "2024.01.13"]
[Round "8"]
[White "Lizano Quiros, Matias Haziel"]
[Black "Ruiz Alfaro, Darrel"]
[Result "0-1"]
[WhiteElo "1801"]
[BlackElo "1599"]
[PlyCount "56"]
[EventDate "2024.01.06"]
[EventType "swiss"]
[EventRounds "9"]
[EventCountry "CRI"]
[SourceTitle "CB05_2024"]
[SourceDate "2024.01.31"]
[SourceVersion "1"]
[SourceVersionDate "2024.01.31"]
[SourceQuality "1"]

1. d4 Nf6 2. c4 e6 3. g3 d5 4. Nf3 Be7 5. Bg2 0-0 6. 0-0 c6 7. Qc2 Nbd7 8. Nbd2 b6 9. e4 Bb7 10. e5 Ne8 11. cxd5 cxd5 12. Re1 Nc7 13. Nf1 a5 14. h4 b5 15. N1h2 Ra6 16. h5 f5 17. exf6 Nxf6 18. h6 g6 19. Ne5 Kh8 20. Bf4 Nce8 21. Bf1 Nd6 22. f3 Nf5 23. Rad1 Nh5 24. Bd2 Qb6 25. Nd7 Qd6 26. Nxf8 Qxg3+ 27. Kh1 Qf2 28. Qxf5 Ng3# 0-1

[Event "CRI-ch"]
[Site "San Jose"]
[Date "2024.01.06"]
[Round "1"]
[White "Lizano Quiros, Matias Haziel"]
[Black "Valdes Romero, Leonardo"]
[Result "1/2-1/2"]
[WhiteElo "1801"]
[BlackElo "2366"]
[PlyCount "55"]
[EventDate "2024.01.06"]
[EventType "swiss"]
[EventRounds "9"]
[EventCountry "CRI"]
[SourceTitle "CB05_2024"]
[SourceDate "2024.01.31"]
[SourceVersion "1"]
[SourceVersionDate "2024.01.31"]
[SourceQuality "1"]

1. d4 Nf6 2. c4 d6 3. Nf3 g6 4. Nc3 Bg7 5. g3 0-0 6. Bg2 Nbd7 7. 0-0 e5 8. e4 a6 9. Re1 c6 10. h3 Re8 11. Be3 Qe7 12. d5 c5 13. Rb1 Rf8 14. Nd2 Ne8 15. Qc2 f5 16. f4 b6 17. Nf3 Ra7 18. Re2 h6 19. Nh4 Qf6 20. exf5 exf4 21. Bxf4 g5 22. Re6 Qd8 23. Ng6 gxf4 24. Ne7+ Kh8 25. Ng6+ Kg8 26. Ne7+ Kh8 27. Ng6+ Kg8 28. Ne7+ 1/2-1/2

[Event "Iberoamerican-ch 9th"]
[Site "Panama City"]
[Date "2023.11.29"]
[Round "6"]
[White "Noriega Rodriguez, Matias Alberto"]
[Black "Lizano Quiros, Matias Haziel"]
[Result "0-1"]
[WhiteElo "1207"]
[BlackElo "1763"]
[PlyCount "98"]
[EventDate "2023.11.25"]
[EventType "swiss"]
[EventRounds "9"]
[EventCountry "PAN"]
[SourceTitle "CB49_2023"]
[SourceDate "2023.12.06"]
[SourceVersion "1"]
[SourceVersionDate "2023.12.06"]
[SourceQuality "1"]

1. e4 c5 2. Nf3 Nc6 3. d4 cxd4 4. Nxd4 g6 5. Nc3 Bg7 6. Be3 Nf6 7. f3 0-0 8. Qd2 d5 9. Nxc6 bxc6 10. exd5 cxd5 11. 0-0-0 Bb7 12. Bh6 Qa5 13. Bxg7 Kxg7 14. g4 d4 15. Ne4 Qxd2+ 16. Rxd2 Nxe4 17. fxe4 Bxe4 18. Bg2 Bxg2 19. Rxg2 e5 20. Re2 Rfe8 21. Rhe1 f6 22. g5 Re7 23. gxf6+ Kxf6 24. Kd2 Rb8 25. b3 Rc8 26. Kd3 Rc3+ 27. Kd2 Rf3 28. Re4 Rf2+ 29. R1e2 Rxe2+ 30. Rxe2 e4 31. c3 dxc3+ 32. Kxc3 Ke5 33. Re3 Rd7 34. Re2 Kf4 35. Rd2 Rc7+ 36. Kb2 e3 37. Rc2 Rxc2+ 38. Kxc2 Kf3 39. Kd1 Kf2 40. Kc2 e2 41. Kc3 e1Q+ 42. Kc4 Qd2 43. a4 a5 44. Kb5 Qb4+ 45. Ka6 Ke3 46. h3 Kd4 47. h4 Kc5 48. Ka7 Kc6 49. h5 Qb7# 0-1